000 00714nam a22002293a 4500
005 20210223124556.0
008 010531s1997 mx fr 000 0 spa d
020 _a1567993931
035 _aUPN01000116297
049 _aCE
050 4 _aSB351 H5
_bF4.3
100 1 _aFell, Derek
245 1 0 _aHerb gardening with Derek Fell :
_bpractical advice and personal favorites from the best-selling author and television show host /
_ced. Susan Lauzau.
260 _aNew York :
_bFriedman :
_bFairfax,
_c1997
300 _a120 p. :
_bil., col.
650 4 _aHIERBAS.
650 4 _aHIERBAS MEDICINALES Y AROMATICAS
_927828
700 1 _aLauzau, Susan,
_eed.
901 _a171225
902 _aLG/npd
905 _aLibro
999 _c89048
_d89048